| Tag |
First Indicator |
Second Indicator |
Subfields |
| LEADER |
00000cam a22000004a 4500 |
| 001 |
in00002111997 |
| 005 |
20151103051657.0 |
| 008 |
050713s2006 enka b 001 0 eng |
| 010 |
|
|
|a 2005019925
|
| 015 |
|
|
|a GBA518303
|2 bnb
|
| 016 |
7 |
|
|a 013124498
|2 Uk
|
| 020 |
|
|
|a 0415364795 (hardback : alk. paper)
|
| 024 |
3 |
|
|a 9780415364799 (hardback : alk. paper)
|
| 035 |
|
|
|a (OCoLC)ocm60971972
|
| 040 |
|
|
|a DLC
|c DLC
|d BAKER
|d BWKUK
|d UKM
|d UtOrBLW
|
| 042 |
|
|
|a pcc
|
| 049 |
|
|
|a TXAM
|
| 050 |
0 |
0 |
|a N7433.8
|b .N48 2006
|
| 082 |
0 |
0 |
|a 776
|2 22
|
| 245 |
0 |
0 |
|a Network art :
|b practices and positions /
|c edited by Tom Corby.
|
| 264 |
|
1 |
|a London ;
|a New York :
|b Routledge,
|c 2006.
|
| 300 |
|
|
|a xiv, 206 pages :
|b illustrations ;
|c 26 cm.
|
| 336 |
|
|
|a text
|b txt
|2 rdacontent
|
| 337 |
|
|
|a unmediated
|b n
|2 rdamedia
|
| 338 |
|
|
|a volume
|b nc
|2 rdacarrier
|
| 490 |
1 |
|
|a Innovations in art and design
|
| 504 |
|
|
|a Includes bibliographical references and index.
|
| 505 |
0 |
|
|a The history of network art -- Art as experience : meet the active audience -- Context-specific curating on the web (CSCW?) -- The ludic hack : artistic explorations of computer games -- Grave digging and net art : a proposal for the future -- Inquiries in infomics -- Softer side of art -- System poetics and software refuseniks -- Digital bop poetics -- The wrong categories -- If networked is the answer what is the question? -- Dow Chemical just says "yes" to Bhopal -- Life sharing : a real-time digital self-portrait.
|
| 650 |
|
0 |
|a Computer art.
|
| 650 |
|
0 |
|a Art and the Internet.
|
| 700 |
1 |
|
|a Corby, Tom.
|
| 830 |
|
0 |
|a Innovations in art and design.
|
| 856 |
4 |
1 |
|3 Table of contents
|u http://www.loc.gov/catdir/toc/ecip0516/2005019925.html
|t 0
|
| 938 |
|
|
|a Baker & Taylor
|b BKTY
|c 135.00
|d 135.00
|i 0415364795
|n 0006533949
|s active
|
| 945 |
|
|
|i PromptCat
|
| 947 |
|
|
|a A14832764784
|
| 994 |
|
|
|a 92
|b TXA
|
| 948 |
|
|
|a cataloged
|b h
|c 2006/3/22
|d c
|e rbarron
|f 10:15:07 am
|
| 999 |
|
|
|a MARS
|
| 999 |
f |
f |
|s b8051583-cb1b-3a51-94a9-8b69d919c905
|i 8769afd9-35ce-34e1-9d23-bae36331929c
|t 0
|
| 952 |
f |
f |
|p normal
|a Texas A&M University
|b College Station
|c Sterling C. Evans Library
|d Evans: Library Stacks
|t 0
|e N7433.8 .N48 2006
|h Library of Congress classification
|i unmediated -- volume
|m A14832764784
|
| 998 |
f |
f |
|a N7433.8 .N48 2006
|t 0
|l Evans: Library Stacks
|